000 00810nam a2200265Ia 4500
003 GCL
008 140319s9999 xx 000 0 ara d
040 _aGCL /
_cGCL
082 0 4 _aق
_b962.052
_bع ص
100 1 _aعاصم محروس عبدالمطلب
245 1 0 _aصفحة من تاريخ مصر 1934-1930 /
_cعاصم محروس عبدالمطلب
260 _a[S.N] :
_bدار المعارف ،
_c1986
300 _a325 ص
490 _a
650 0 4 _aالعصر الحديث
650 0 4 _aمصر
650 0 4 _aتاريخ
650 0 4 _aالاحوال السياسية
650 0 4 _aالدستور
650 0 4 _aالاحزاب السياسية
650 0 4 _aالملك فؤاد
650 0 4 _aالهيئات التشريعية
650 0 4 _aالحكم النيابى
942 _2ddc
_cBK
999 _c52899
_d52899